Statistics for Born in Accra

Click here to take the quiz!

General Stats

  • This quiz has been taken 3 times
  • The average score is 18 of 27

Answer Stats

HintAnswer% Correct
Former footballer who played most notably for Chelsea and the national team of Ghana1982Michael Essien
100%
Footballer who plays for Ajax and the national team of Ghana2000Mohammed Kudus
100%
Former footballer who played most notably for Norwich City and the Norwegian national team1986Alexander Tettey
67%
Former captain of the Ghanaian national team and all-time leading scorer of the "Black Stars"1985Asamoah Gyan
67%
Former boxer and former featherweight and super-featherweight world champion1958Azumah Nelson
67%
Physician pioneer and first Ghanaian to obtain the medical degree1859Benjamin Quartey-Papafio
67%
Former boxer and Ghana's first Olympic medalist1938Clement Quartey
67%
Footballer who plays for Leicester City and the national team of Ghana1994Daniel Amartey
67%
Footballer who plays for Freiburg and the national team of Ghana1996Daniel-Kofi Kyereh
67%
Former boxer and featherweight champion, first Ghanaian to win a world title1950David Kotei
67%
Former footballer who played for Köln, Getafe, AIK and the national team of Ghana1983Derek Boateng
67%
Former footballer who played for PSV Eindhoven, Club Brugge and the national team of Ghana1978Eric Addo
67%
Former defensive end who played for the Detroit Lions and Seattle Seahawks1989Ezekiel Ansah
67%
Actor, "Highlander" "Star Wars: The Phantom Menace" "Holby City"1954Hugh Quarshie
67%
Former boxer and former welterweight champion1969Ike Quartey
67%
Ghanaian-British boxer and 2018 junior-featherweight1994Isaac Dogboe
67%
Former footballer who played for Hoffenheim, Salzburg and the national team of Ghana1988Isaac Vorsah
67%
President of Ghana from 1993 until 2001 and Leader of the military junta from 1981 to 19931947Jerry Rawlings
67%
Footballer who plays for Columbus Crew and the national team of Ghana1990Jonathan Mensah
67%
Boxer and two-time former bantamweight world champion1980Joseph Agbeko
67%
Head of State of Ghana from 1966 to 19691915Joseph Arthur Ankrah
67%
Former footballer who played for Juventus, Inter Milan, Udinese and the national team of Ghana1988Kwadwo Asamoah
67%
Former footballer who played for Chelsea, Milan and the French national team1968Marcel Desailly
67%
President of Ghana since 20171944Nana Akufo-Addo
67%
British actor, "Cold Feet" "Downtown Abbey" "The Pillars of the Earth" "The Thief Lord"1957Robert Bathurst
67%
Former footballer who played for Juventus, Fenerbahce and the national team of Ghana1980Stephen Appiah
67%
Boxer and first middleweight champion from Ghana1980Osamanu Adama
33%

Score Distribution

Percentile by Number Answered

Percent of People with Each Score

Your Score History

You have not taken this quiz